| 000 | 02387nam a22003137a 4500 | ||
|---|---|---|---|
| 005 | 20110810162519.0 | ||
| 010 | _aB-435548-552 | ||
| 020 |
_c25.00 _a8182634067 |
||
| 035 | _aB-435548-552 | ||
| 037 | _bब्लयूबेरी बुक्स | ||
| 082 | _a क | ||
| 100 |
_aदत्ता, स्वप्ना _932408 |
||
| 245 |
_aसमुद्र तट पर / _cस्वप्ना दत्ता; अमितावा सेनगुप्ता द्वारा चित्रांकित; मनीषा चौधरी द्वारा हिन्दी अनुवाद |
||
| 246 |
_aSamudra tat par _b by Swpna Dutta |
||
| 260 |
_aनई दिल्ली _bप्रथम बुक्स _c2010 |
||
| 270 |
_bनई दिल्ली _k011-65684113 _l _mwww.prathambooks.org |
||
| 300 |
_a16पृ.; _c17x22सेमी (अजिल्द) _bसचित्र |
||
| 490 |
_a _932409 |
||
| 500 | _a | ||
| 700 |
_aसेनगुप्ता, अमितावा _932268 |
||
| 700 |
_aचौधरी, मनीषा _932272 |
||
| 942 |
_2ddc _cCH _mदत्तास्व _h क |
||
| 999 |
_c55168 _d55168 |
||